| 000 | 00850nam a22002535i 4500 | ||
|---|---|---|---|
| 001 | 11984 | ||
| 003 | ES-MaACL | ||
| 005 | 20250812014332.0 | ||
| 008 | 941004s1994 sp ||||0| spa | ||
| 020 | _a84-206-9049-X | ||
| 080 | _a7:930.1 | ||
| 080 | _a930.1:7 | ||
| 100 | 1 |
_aHaskell, Francis. _962036 |
|
| 245 | 1 | 3 |
_aLa historia y sus imágenes _b: el arte y la interpretación del pasado / _cFrancis Haskell ; [versión española de José Luis López Muñoz]. |
| 260 |
_aMadrid : _bAlianza Editorial, _c[1994] |
||
| 300 |
_aXII, 538 p : _bil. col. y n ; _c27 cm. |
||
| 490 | 1 | _aAlianza forma | |
| 504 | _aBibliografía: p. [492]-514. | ||
| 650 | 1 | 7 |
_aArte e historia _2embne _910181 |
| 700 | 1 |
_aLópez Muñoz, José Luis. _973816 |
|
| 830 | 1 | 0 |
_aAlianza forma _9177869 |
| 852 |
_aES-MaACL _jL-19291 |
||
| 999 |
_c11984 _d11984 |
||